[Event "DVM U20 2022"]
[Site "Münster GER"]
[Date "2022.12.28"]
[Round "3"]
[White "Peschel, Julia"]
[Black "Wang, Xinyuan"]
[Result "1-0"]
[Termination "normal"]
[Board "7.2"]
[WhiteElo "1534"]
[BlackElo "1835"]
[WhiteClock "00:06:03"]
[BlackClock "00:00:33"]
[WhiteTeam "Biebertaler Schachfreunde"]
[BlackTeam "Karlsruher SF 1853"]
[PlyCount "121"]
[WhiteFideId "16255593"]
[BlackFideId "16221494"]
[EventCountry "GER"]
[EventRounds "7"]
[EventType "team-swiss"]
[EventDate "2022.12.26"]

1. e4 {[%clk 01:30:58]} {[%emt 00:00:01]} c5 {[%clk 01:30:54]} {[%emt
00:00:07]} 2. c3 {[%clk 01:31:19]} {[%emt 00:00:09]} d5 {[%clk 01:21:10]}
{[%emt 00:10:14]} 3. exd5 {[%clk 01:31:37]} {[%emt 00:00:12]} Qxd5 {[%clk
01:21:33]} {[%emt 00:00:06]} 4. d4 {[%clk 01:31:56]} {[%emt 00:00:11]} Nc6
{[%clk 01:16:21]} {[%emt 00:05:42]} 5. Nf3 {[%clk 01:30:10]} {[%emt 00:02:16]}
Bg4 {[%clk 01:05:40]} {[%emt 00:11:11]} 6. Be2 {[%clk 01:25:30]} {[%emt
00:05:10]} cxd4 {[%clk 01:01:14]} {[%emt 00:04:56]} 7. cxd4 {[%clk 01:24:50]}
{[%emt 00:01:10]} e6 {[%clk 01:01:19]} {[%emt 00:00:26]} 8. Nc3 {[%clk
01:22:54]} {[%emt 00:02:25]} Bb4 {[%clk 01:01:02]} {[%emt 00:00:47]} 9. O-O
{[%clk 01:22:36]} {[%emt 00:00:47]} Bxc3 {[%clk 00:53:17]} {[%emt 00:08:15]}
10. bxc3 {[%clk 01:22:53]} {[%emt 00:00:13]} Nge7 {[%clk 00:52:08]} {[%emt
00:01:40]} 11. Ba3 {[%clk 01:15:11]} {[%emt 00:08:12]} Qa5 {[%clk 00:47:51]}
{[%emt 00:04:48]} 12. Qb3 {[%clk 01:06:21]} {[%emt 00:09:19]} O-O {[%clk
00:40:34]} {[%emt 00:07:47]} 13. Rac1 {[%clk 00:47:42]} {[%emt 00:19:09]} Rfe8
{[%clk 00:29:10]} {[%emt 00:11:55]} 14. h3 {[%clk 00:43:24]} {[%emt 00:04:49]}
Bh5 {[%clk 00:29:20]} {[%emt 00:00:20]} 15. Rfd1 {[%clk 00:43:30]} {[%emt
00:00:23]} Nd5 {[%clk 00:28:03]} {[%emt 00:01:48]} 16. c4 {[%clk 00:40:45]}
{[%emt 00:03:15]} Nf4 {[%clk 00:28:03]} {[%emt 00:00:30]} 17. Bf1 {[%clk
00:40:53]} {[%emt 00:00:22]} Qf5 {[%clk 00:20:49]} {[%emt 00:07:44]} 18. g4
{[%clk 00:26:23]} {[%emt 00:15:00]} Bxg4 {[%clk 00:16:09]} {[%emt 00:05:10]}
19. hxg4 {[%clk 00:26:30]} {[%emt 00:00:24]} Qxg4 {[%clk 00:16:36]} {[%emt
00:00:03]} 20. Kh1 {[%clk 00:26:10]} {[%emt 00:00:50]} e5 {[%clk 00:14:22]}
{[%emt 00:02:45]} 21. d5 {[%clk 00:19:13]} {[%emt 00:07:26]} Na5 {[%clk
00:13:57]} {[%emt 00:00:55]} 22. Qc3 {[%clk 00:18:31]} {[%emt 00:01:12]} Nh3
{[%clk 00:10:39]} {[%emt 00:03:49]} 23. Bxh3 {[%clk 00:16:14]} {[%emt
00:02:47]} Qxh3 {[%clk 00:11:01]} {[%emt 00:00:08]} 24. Nh2 {[%clk 00:16:33]}
{[%emt 00:00:10]} Qxc3 {[%clk 00:06:05]} {[%emt 00:05:26]} 25. Rxc3 {[%clk
00:16:52]} {[%emt 00:00:11]} Rac8 {[%clk 00:06:03]} {[%emt 00:00:32]} 26. c5
{[%clk 00:16:30]} {[%emt 00:00:52]} b6 {[%clk 00:04:34]} {[%emt 00:01:59]} 27.
c6 {[%clk 00:15:02]} {[%emt 00:01:58]} f6 {[%clk 00:02:13]} {[%emt 00:02:51]}
28. Bb4 {[%clk 00:11:28]} {[%emt 00:04:03]} Red8 {[%clk 00:01:23]} {[%emt
00:01:20]} 29. Bxa5 {[%clk 00:05:46]} {[%emt 00:06:12]} bxa5 {[%clk 00:01:47]}
{[%emt 00:00:07]} 30. Ng4 {[%clk 00:05:41]} {[%emt 00:00:34]} Kf7 {[%clk
00:01:43]} {[%emt 00:00:33]} 31. Ne3 {[%clk 00:05:04]} {[%emt 00:01:07]} g6
{[%clk 00:01:48]} {[%emt 00:00:25]} 32. Kg2 {[%clk 00:02:50]} {[%emt 00:02:44]}
Ke7 {[%clk 00:02:01]} {[%emt 00:00:17]} 33. Kf3 {[%clk 00:01:27]} {[%emt
00:01:53]} f5 {[%clk 00:01:02]} {[%emt 00:01:29]} 34. Nc2 {[%clk 00:01:14]}
{[%emt 00:00:43]} a6 {[%clk 00:00:40]} {[%emt 00:00:52]} 35. Rc5 {[%clk
00:01:04]} {[%emt 00:00:40]} a4 {[%clk 00:00:48]} {[%emt 00:00:22]} 36. Nb4
{[%clk 00:00:59]} {[%emt 00:00:36]} Kd6 {[%clk 00:00:57]} {[%emt 00:00:21]} 37.
Rc3 {[%clk 00:01:06]} {[%emt 00:00:23]} a5 {[%clk 00:01:06]} {[%emt 00:00:21]}
38. Na6 {[%clk 00:01:16]} {[%emt 00:00:20]} g5 {[%clk 00:00:41]} {[%emt
00:00:56]} 39. Nc5 {[%clk 00:00:50]} {[%emt 00:00:56]} e4 {[%clk 00:00:41]}
{[%emt 00:00:30]} 40. Ke2 {[%clk 00:00:36]} {[%emt 00:00:44]} Ke5 {[%clk
00:00:48]} {[%emt 00:00:23]} 41. Nb7 {[%clk 00:00:31]} {[%emt 00:00:34]} Rxd5
{[%clk 00:30:26]} {[%emt 00:00:52]} 42. Rxd5 {[%clk 00:28:53]} {[%emt
00:02:08]} Kxd5 {[%clk 00:30:41]} {[%emt 00:00:15]} 43. Rc5 {[%clk 00:28:52]}
{[%emt 00:00:32]} Kd4 {[%clk 00:24:29]} {[%emt 00:06:42]} 44. c7 {[%clk
00:27:50]} {[%emt 00:01:31]} f4 {[%clk 00:23:29]} {[%emt 00:01:30]} 45. Rc1
{[%clk 00:14:48]} {[%emt 00:13:32]} Kd5 {[%clk 00:22:25]} {[%emt 00:01:34]} 46.
Nxa5 {[%clk 00:12:08]} {[%emt 00:03:10]} g4 {[%clk 00:21:13]} {[%emt 00:01:43]}
47. Nb7 {[%clk 00:08:26]} {[%emt 00:04:12]} h5 {[%clk 00:20:37]} {[%emt
00:01:06]} 48. Rc5 {[%clk 00:08:02]} {[%emt 00:00:54]} Ke6 {[%clk 00:14:12]}
{[%emt 00:06:55]} 49. Rxh5 {[%clk 00:08:21]} {[%emt 00:00:11]} Rxc7 {[%clk
00:14:31]} {[%emt 00:00:11]} 50. Nc5 {[%clk 00:08:45]} {[%emt 00:00:05]} Kf6
{[%clk 00:14:01]} {[%emt 00:01:00]} 51. Nxe4 {[%clk 00:08:53]} {[%emt
00:00:22]} Ke6 {[%clk 00:14:14]} {[%emt 00:00:16]} 52. Nc5 {[%clk 00:07:14]}
{[%emt 00:02:09]} Kf6 {[%clk 00:14:25]} {[%emt 00:00:19]} 53. Nxa4 {[%clk
00:06:53]} {[%emt 00:00:51]} Rc2 {[%clk 00:14:10]} {[%emt 00:00:45]} 54. Kf1
{[%clk 00:07:03]} {[%emt 00:00:20]} f3 {[%clk 00:10:12]} {[%emt 00:04:28]} 55.
Kg1 {[%clk 00:07:06]} {[%emt 00:00:27]} Rxa2 {[%clk 00:10:11]} {[%emt
00:00:32]} 56. Nc3 {[%clk 00:07:09]} {[%emt 00:00:26]} Ra1 {[%clk 00:10:30]}
{[%emt 00:00:10]} 57. Kh2 {[%clk 00:07:33]} {[%emt 00:00:06]} Kg6 {[%clk
00:10:20]} {[%emt 00:00:40]} 58. Rb5 {[%clk 00:07:30]} {[%emt 00:00:33]} Kh6
{[%clk 00:05:05]} {[%emt 00:05:45]} 59. Ne4 {[%clk 00:06:39]} {[%emt 00:01:21]}
Ra4 {[%clk 00:04:34]} {[%emt 00:01:01]} 60. Re5 {[%clk 00:06:51]} {[%emt
00:00:17]} Kg6 {[%clk 00:00:33]} {[%emt 00:04:31]} 61. Kg3 {[%clk 00:06:03]}
{[%emt 00:01:19]} 1-0

[Event "DVM U20 2022"]
[Site "Münster GER"]
[Date "2022.12.28"]
[Round "3"]
[White "Fischer, Darja"]
[Black "Grunwald, Jonathan"]
[Result "1-0"]
[Termination "normal"]
[Board "7.3"]
[WhiteElo "1762"]
[BlackElo "1791"]
[WhiteClock "00:27:57"]
[BlackClock "00:19:25"]
[WhiteTeam "Karlsruher SF 1853"]
[BlackTeam "Biebertaler Schachfreunde"]
[PlyCount "39"]
[WhiteFideId "16240898"]
[BlackFideId "12955744"]
[EventCountry "GER"]
[EventRounds "7"]
[EventType "team-swiss"]
[EventDate "2022.12.26"]

1. d4 {[%clk 01:30:59]} Nf6 {[%clk 01:30:54]} 2. c4 {[%clk 01:31:26]} e6 {[%clk
01:31:20]} 3. Nc3 {[%clk 01:31:51]} Bb4 {[%clk 01:31:44]} 4. Nf3 {[%clk
01:29:35]} c5 {[%clk 01:31:39]} 5. e3 {[%clk 01:29:38]} Nc6 {[%clk 01:30:35]}
6. Bd2 {[%clk 01:26:34]} {[%emt 00:00:21]} O-O {[%clk 01:24:39]} {[%emt
00:06:26]} 7. Be2 {[%clk 01:26:07]} {[%emt 00:00:57]} d6 {[%clk 01:22:27]}
{[%emt 00:02:41]} 8. O-O {[%clk 01:22:57]} {[%emt 00:03:40]} b6 {[%clk
01:11:18]} {[%emt 00:11:40]} 9. Qc2 {[%clk 01:14:13]} {[%emt 00:09:14]} Bb7
{[%clk 01:03:49]} {[%emt 00:07:59]} 10. Rfd1 {[%clk 01:11:54]} {[%emt
00:02:49]} Qe7 {[%clk 01:01:24]} {[%emt 00:02:54]} 11. Rac1 {[%clk 01:07:47]}
{[%emt 00:04:38]} Bxc3 {[%clk 00:42:15]} {[%emt 00:19:39]} 12. Bxc3 {[%clk
01:04:35]} {[%emt 00:03:42]} Rad8 {[%clk 00:42:20]} {[%emt 00:00:25]} 13. Rd2
{[%clk 01:01:24]} {[%emt 00:03:41]} Qc7 {[%clk 00:36:45]} {[%emt 00:06:05]} 14.
Qb1 {[%clk 00:45:57]} {[%emt 00:15:58]} Ne7 {[%clk 00:33:25]} {[%emt 00:03:50]}
15. Ng5 {[%clk 00:33:36]} {[%emt 00:12:51]} h6 {[%clk 00:28:58]} {[%emt
00:04:57]} 16. dxc5 {[%clk 00:32:12]} {[%emt 00:01:55]} Qxc5 {[%clk 00:20:37]}
{[%emt 00:08:51]} 17. Bxf6 {[%clk 00:32:15]} {[%emt 00:00:27]} Nf5 {[%clk
00:19:10]} {[%emt 00:01:56]} 18. Bxd8 {[%clk 00:30:05]} {[%emt 00:02:41]} Rxd8
{[%clk 00:19:34]} {[%emt 00:00:06]} 19. b4 {[%clk 00:28:14]} {[%emt 00:02:21]}
Qe5 {[%clk 00:19:25]} {[%emt 00:00:39]} 20. Nf3 {[%clk 00:27:57]} {[%emt
00:00:47]} 1-0

[Event "DVM U20 2022"]
[Site "Münster GER"]
[Date "2022.12.28"]
[Round "3"]
[White "Koleber, Ksenia Alexandra"]
[Black "Borodaev, Roman"]
[Result "1/2-1/2"]
[Termination "normal"]
[Board "7.4"]
[WhiteElo "1403"]
[BlackElo "1678"]
[WhiteClock "00:10:39"]
[BlackClock "00:02:57"]
[WhiteTeam "Biebertaler Schachfreunde"]
[BlackTeam "Karlsruher SF 1853"]
[PlyCount "64"]
[WhiteFideId "16271130"]
[BlackFideId "16274881"]
[EventCountry "GER"]
[EventRounds "7"]
[EventType "team-swiss"]
[EventDate "2022.12.26"]

1. e4 {[%clk 01:30:58]} {[%emt 00:00:01]} c5 {[%clk 01:30:54]} {[%emt
00:00:07]} 2. Nc3 {[%clk 01:31:23]} {[%emt 00:00:05]} Nc6 {[%clk 01:31:20]}
{[%emt 00:00:05]} 3. d3 {[%clk 01:31:46]} {[%emt 00:00:08]} g6 {[%clk
01:31:28]} {[%emt 00:00:21]} 4. g3 {[%clk 01:31:36]} {[%emt 00:00:40]} Bg7
{[%clk 01:31:54]} {[%emt 00:00:05]} 5. Bg2 {[%clk 01:31:47]} {[%emt 00:00:19]}
d6 {[%clk 01:31:43]} {[%emt 00:00:41]} 6. Bd2 {[%clk 01:31:00]} {[%emt
00:01:16]} Rb8 {[%clk 01:31:33]} {[%emt 00:00:40]} 7. Nf3 {[%clk 01:27:06]}
{[%emt 00:04:24]} Nf6 {[%clk 01:31:13]} {[%emt 00:00:51]} 8. Qc1 {[%clk
01:24:56]} {[%emt 00:02:40]} O-O {[%clk 01:29:51]} {[%emt 00:01:52]} 9. Bh6
{[%clk 01:23:49]} {[%emt 00:01:37]} Ng4 {[%clk 01:19:48]} {[%emt 00:10:33]} 10.
Bxg7 {[%clk 01:22:50]} {[%emt 00:01:29]} Kxg7 {[%clk 01:20:13]} {[%emt
00:00:05]} 11. O-O {[%clk 01:19:45]} {[%emt 00:03:35]} b5 {[%clk 01:06:28]}
{[%emt 00:14:15]} 12. h3 {[%clk 01:18:01]} {[%emt 00:02:14]} Nf6 {[%clk
01:05:51]} {[%emt 00:01:07]} 13. Qe3 {[%clk 01:13:30]} {[%emt 00:04:58]} Qc7
{[%clk 00:45:16]} {[%emt 00:21:06]} 14. Nd2 {[%clk 00:56:13]} {[%emt 00:17:47]}
Nd4 {[%clk 00:40:34]} {[%emt 00:05:13]} 15. Rfc1 {[%clk 00:54:55]} {[%emt
00:01:47]} a5 {[%clk 00:21:33]} {[%emt 00:19:32]} 16. Ne2 {[%clk 00:52:37]}
{[%emt 00:02:47]} Nxe2 {[%clk 00:20:26]} {[%emt 00:01:38]} 17. Qxe2 {[%clk
00:52:59]} {[%emt 00:00:07]} Ba6 {[%clk 00:19:46]} {[%emt 00:01:10]} 18. Qe3
{[%clk 00:44:15]} {[%emt 00:09:14]} Rfc8 {[%clk 00:18:04]} {[%emt 00:02:13]}
19. c3 {[%clk 00:39:06]} {[%emt 00:05:38]} c4 {[%clk 00:14:25]} {[%emt
00:04:09]} 20. d4 {[%clk 00:34:56]} {[%emt 00:04:40]} b4 {[%clk 00:14:52]}
{[%emt 00:00:03]} 21. cxb4 {[%clk 00:33:23]} {[%emt 00:02:03]} axb4 {[%clk
00:13:13]} {[%emt 00:02:10]} 22. Rc2 {[%clk 00:28:47]} {[%emt 00:05:06]} Qb6
{[%clk 00:07:53]} {[%emt 00:05:50]} 23. Rac1 {[%clk 00:26:40]} {[%emt
00:02:37]} Qb5 {[%clk 00:04:31]} {[%emt 00:03:52]} 24. Bf1 {[%clk 00:24:07]}
{[%emt 00:03:03]} Qa4 {[%clk 00:03:14]} {[%emt 00:01:47]} 25. b3 {[%clk
00:19:42]} {[%emt 00:04:54]} Qa3 {[%clk 00:03:40]} {[%emt 00:00:04]} 26. Nxc4
{[%clk 00:19:08]} {[%emt 00:01:04]} Bxc4 {[%clk 00:04:03]} {[%emt 00:00:08]}
27. Bxc4 {[%clk 00:19:29]} {[%emt 00:00:08]} Qa8 {[%clk 00:04:15]} {[%emt
00:00:18]} 28. e5 {[%clk 00:17:29]} {[%emt 00:02:30]} dxe5 {[%clk 00:02:05]}
{[%emt 00:02:40]} 29. Qxe5 {[%clk 00:17:39]} {[%emt 00:00:20]} Qa7 {[%clk
00:01:41]} {[%emt 00:00:55]} 30. Re1 {[%clk 00:15:28]} {[%emt 00:02:40]} e6
{[%clk 00:02:01]} {[%emt 00:00:10]} 31. g4 {[%clk 00:12:47]} {[%emt 00:03:11]}
Qc7 {[%clk 00:02:28]} {[%emt 00:00:03]} 32. Qxc7 {[%clk 00:10:39]} {[%emt
00:02:37]} Rxc7 {[%clk 00:02:57]} {[%emt 00:00:01]} 1/2-1/2

[Event "DVM U20 2022"]
[Site "Münster GER"]
[Date "2022.12.28"]
[Round "3"]
[White "Scheifel, Maximilian"]
[Black "Peschel, Jan"]
[Result "1-0"]
[Termination "normal"]
[Board "7.5"]
[WhiteElo "1561"]
[BlackElo "1516"]
[WhiteClock "01:03:59"]
[BlackClock "00:19:56"]
[WhiteTeam "Karlsruher SF 1853"]
[BlackTeam "Biebertaler Schachfreunde"]
[PlyCount "67"]
[WhiteFideId "16279433"]
[BlackFideId "16271629"]
[EventCountry "GER"]
[EventRounds "7"]
[EventType "team-swiss"]
[EventDate "2022.12.26"]

1. e4 {[%clk 01:30:56]} {[%emt 00:00:02]} e5 {[%clk 01:30:54]} {[%emt
00:00:07]} 2. Nf3 {[%clk 01:31:09]} {[%emt 00:00:17]} Nc6 {[%clk 01:31:16]}
{[%emt 00:00:08]} 3. Bb5 {[%clk 01:31:16]} {[%emt 00:00:22]} a6 {[%clk
01:31:17]} {[%emt 00:00:30]} 4. Ba4 {[%clk 01:31:40]} {[%emt 00:00:06]} Nf6
{[%clk 01:30:14]} {[%emt 00:01:33]} 5. O-O {[%clk 01:31:53]} {[%emt 00:00:17]}
Be7 {[%clk 01:26:48]} {[%emt 00:03:56]} 6. Re1 {[%clk 01:32:15]} {[%emt
00:00:08]} d6 {[%clk 01:27:00]} {[%emt 00:00:18]} 7. c3 {[%clk 01:32:24]}
{[%emt 00:00:21]} O-O {[%clk 01:26:55]} {[%emt 00:00:34]} 8. d3 {[%clk
01:31:03]} {[%emt 00:01:52]} Bg4 {[%clk 01:22:37]} {[%emt 00:04:47]} 9. Nbd2
{[%clk 01:29:06]} {[%emt 00:02:26]} b5 {[%clk 01:17:20]} {[%emt 00:05:48]} 10.
Bc2 {[%clk 01:29:28]} {[%emt 00:00:08]} Re8 {[%clk 01:17:27]} {[%emt 00:00:23]}
11. Nf1 {[%clk 01:29:05]} {[%emt 00:00:53]} d5 {[%clk 01:09:55]} {[%emt
00:08:02]} 12. Ng3 {[%clk 01:23:06]} {[%emt 00:06:28]} d4 {[%clk 01:07:22]}
{[%emt 00:03:03]} 13. h3 {[%clk 01:22:33]} {[%emt 00:01:03]} Bxf3 {[%clk
01:01:55]} {[%emt 00:05:57]} 14. Qxf3 {[%clk 01:21:18]} {[%emt 00:01:45]} dxc3
{[%clk 01:02:05]} {[%emt 00:00:20]} 15. bxc3 {[%clk 01:21:38]} {[%emt
00:00:11]} b4 {[%clk 01:01:06]} {[%emt 00:01:29]} 16. Ba4 {[%clk 01:20:07]}
{[%emt 00:01:59]} Qd6 {[%clk 00:58:27]} {[%emt 00:03:11]} 17. Nf5 {[%clk
01:18:58]} {[%emt 00:01:39]} Qe6 {[%clk 00:57:14]} {[%emt 00:01:43]} 18. d4
{[%clk 01:13:04]} {[%emt 00:06:24]} Nd7 {[%clk 00:37:29]} {[%emt 00:20:15]} 19.
d5 {[%clk 01:13:00]} {[%emt 00:00:34]} Qf6 {[%clk 00:37:20]} {[%emt 00:00:38]}
20. Bxc6 {[%clk 01:13:11]} {[%emt 00:00:19]} Rad8 {[%clk 00:37:23]} {[%emt
00:00:27]} 21. Nxe7 {[%clk 01:11:06]} {[%emt 00:02:36]} Qxe7 {[%clk 00:37:19]}
{[%emt 00:00:34]} 22. cxb4 {[%clk 01:11:05]} {[%emt 00:00:32]} Qxb4 {[%clk
00:37:12]} {[%emt 00:00:37]} 23. Ba3 {[%clk 01:11:18]} {[%emt 00:00:15]} Qa5
{[%clk 00:29:42]} {[%emt 00:08:01]} 24. Reb1 {[%clk 01:08:20]} {[%emt
00:03:28]} Qd2 {[%clk 00:27:05]} {[%emt 00:03:07]} 25. Rb2 {[%clk 01:06:58]}
{[%emt 00:01:52]} Qd4 {[%clk 00:27:08]} {[%emt 00:00:27]} 26. Rd1 {[%clk
01:07:16]} {[%emt 00:00:11]} Qc4 {[%clk 00:24:53]} {[%emt 00:02:45]} 27. Qd3
{[%clk 01:06:49]} {[%emt 00:00:56]} Qxd3 {[%clk 00:23:50]} {[%emt 00:01:35]}
28. Rxd3 {[%clk 01:07:17]} {[%emt 00:00:02]} f5 {[%clk 00:22:33]} {[%emt
00:01:47]} 29. exf5 {[%clk 01:07:12]} {[%emt 00:00:35]} e4 {[%clk 00:22:52]}
{[%emt 00:00:11]} 30. Re3 {[%clk 01:07:29]} {[%emt 00:00:13]} Re5 {[%clk
00:23:04]} {[%emt 00:00:18]} 31. Rbe2 {[%clk 01:04:48]} {[%emt 00:03:11]} Nb6
{[%clk 00:21:47]} {[%emt 00:01:48]} 32. Rxe4 {[%clk 01:03:15]} {[%emt
00:02:03]} Rxe4 {[%clk 00:19:51]} {[%emt 00:02:26]} 33. Rxe4 {[%clk 01:03:44]}
Nxd5 {[%clk 00:19:56]} {[%emt 00:00:25]} 34. Rd4 {[%clk 01:03:59]} {[%emt
00:00:12]} 1-0

[Event "DVM U20 2022"]
[Site "Münster GER"]
[Date "2022.12.28"]
[Round "3"]
[White "Röhm, Adrian"]
[Black "Gülsen, Sinan Yilmaz"]
[Result "0-1"]
[Termination "normal"]
[Board "7.6"]
[WhiteElo "1474"]
[BlackElo "1147"]
[WhiteClock "00:01:00"]
[BlackClock "00:07:03"]
[WhiteTeam "Biebertaler Schachfreunde"]
[BlackTeam "Karlsruher SF 1853"]
[PlyCount "54"]
[WhiteFideId "16213505"]
[BlackFideId "34606017"]
[EventCountry "GER"]
[EventRounds "7"]
[EventType "team-swiss"]
[EventDate "2022.12.26"]

1. d4 {[%clk 01:30:58]} {[%emt 00:00:01]} Nf6 {[%clk 01:30:51]} {[%emt
00:00:09]} 2. Bf4 {[%clk 01:31:18]} {[%emt 00:00:11]} g6 {[%clk 01:31:01]}
{[%emt 00:00:20]} 3. e3 {[%clk 01:30:43]} {[%emt 00:01:05]} Bg7 {[%clk
01:30:36]} {[%emt 00:00:55]} 4. Nc3 {[%clk 01:30:41]} {[%emt 00:00:32]} d6
{[%clk 01:29:13]} {[%emt 00:01:52]} 5. h4 {[%clk 01:26:34]} {[%emt 00:04:38]}
h6 {[%clk 01:25:44]} {[%emt 00:03:58]} 6. Bd3 {[%clk 01:25:48]} {[%emt
00:01:17]} Nfd7 {[%clk 01:24:23]} {[%emt 00:01:51]} 7. d5 {[%clk 01:16:44]}
{[%emt 00:09:34]} c5 {[%clk 01:23:37]} {[%emt 00:01:15]} 8. Bxg6 {[%clk
00:56:14]} {[%emt 00:21:00]} fxg6 {[%clk 01:17:48]} {[%emt 00:06:20]} 9. Qd3
{[%clk 00:53:49]} {[%emt 00:02:56]} Nf8 {[%clk 01:14:13]} {[%emt 00:04:04]} 10.
Nf3 {[%clk 00:43:57]} {[%emt 00:10:22]} Nbd7 {[%clk 01:04:31]} {[%emt
00:10:11]} 11. e4 {[%clk 00:30:35]} {[%emt 00:13:54]} Kf7 {[%clk 00:49:49]}
{[%emt 00:15:12]} 12. O-O-O {[%clk 00:22:51]} {[%emt 00:08:14]} b5 {[%clk
00:47:53]} {[%emt 00:02:26]} 13. Bh2 {[%clk 00:16:45]} {[%emt 00:06:36]} c4
{[%clk 00:45:57]} {[%emt 00:02:25]} 14. Qe3 {[%clk 00:16:49]} {[%emt 00:00:26]}
Qa5 {[%clk 00:41:18]} {[%emt 00:05:09]} 15. Nd4 {[%clk 00:11:19]} {[%emt
00:06:01]} b4 {[%clk 00:32:21]} {[%emt 00:09:26]} 16. Nb1 {[%clk 00:11:42]}
{[%emt 00:00:08]} c3 {[%clk 00:19:29]} {[%emt 00:13:21]} 17. bxc3 {[%clk
00:10:12]} {[%emt 00:02:00]} bxc3 {[%clk 00:19:51]} {[%emt 00:00:09]} 18. Nxc3
{[%clk 00:08:34]} {[%emt 00:02:08]} Nb6 {[%clk 00:14:18]} {[%emt 00:06:03]} 19.
Rd3 {[%emt 00:02:37]} Ba6 {[%clk 00:12:51]} {[%emt 00:01:55]} 20. Qf4 {[%clk
00:03:46]} {[%emt 00:03:13]} Kg8 {[%clk 00:13:16]} {[%emt 00:00:04]} 21. Rf3
{[%clk 00:04:01]} {[%emt 00:00:14]} Rh7 {[%clk 00:08:08]} {[%emt 00:05:38]} 22.
Qf7 {[%clk 00:02:43]} {[%emt 00:01:49]} Kh8 {[%clk 00:08:36]} {[%emt 00:00:02]}
23. h5 {[%clk 00:02:39]} {[%emt 00:00:34]} Bxd4 {[%clk 00:07:59]} {[%emt
00:01:07]} 24. hxg6 {[%clk 00:02:20]} {[%emt 00:00:48]} Rxf7 {[%clk 00:07:34]}
{[%emt 00:00:55]} 25. Rxf7 {[%clk 00:01:58]} {[%emt 00:00:52]} Qxc3 {[%clk
00:06:55]} {[%emt 00:01:08]} 26. Be5 {[%clk 00:00:54]} {[%emt 00:01:35]} Bxe5
{[%clk 00:06:52]} {[%emt 00:00:33]} 27. Rxh6 {[%clk 00:01:00]} {[%emt
00:00:24]} Kg8 {[%clk 00:07:03]} {[%emt 00:00:19]} 0-1

[Event "DVM U20 2022"]
[Site "Münster GER"]
[Date "2022.12.28"]
[Round "3"]
[White "Waffenschmidt, Lars"]
[Black "Schneider, Jana"]
[Result "1/2-1/2"]
[Termination "normal"]
[Board "8.1"]
[WhiteTitle "FM"]
[BlackTitle "FM"]
[WhiteElo "2287"]
[BlackElo "2272"]
[WhiteClock "00:44:55"]
[BlackClock "00:33:13"]
[WhiteTeam "SK Bebenhausen 1992"]
[BlackTeam "SC Bavaria Regensburg von 1881 e.V."]
[PlyCount "44"]
[WhiteFideId "16244656"]
[BlackFideId "12924997"]
[EventCountry "GER"]
[EventRounds "7"]
[EventType "team-swiss"]
[EventDate "2022.12.26"]

1. e4 {[%clk 01:30:59]} {[%emt 10:44:10]} e5 {[%clk 01:30:44]} {[%emt
00:00:16]} 2. Nf3 {[%clk 01:31:20]} {[%emt 00:00:08]} Nc6 {[%clk 01:31:07]}
{[%emt 00:00:08]} 3. Bc4 {[%clk 01:31:42]} {[%emt 00:00:07]} Bc5 {[%clk
01:31:30]} {[%emt 00:00:09]} 4. O-O {[%clk 01:32:02]} {[%emt 00:00:09]} Nf6
{[%clk 01:31:49]} {[%emt 00:00:11]} 5. d3 {[%clk 01:32:23]} {[%emt 00:00:09]}
d6 {[%clk 01:31:35]} {[%emt 00:00:45]} 6. c3 {[%clk 01:32:36]} {[%emt
00:00:16]} a6 {[%clk 01:31:47]} {[%emt 00:00:19]} 7. Re1 {[%clk 01:32:31]}
{[%emt 00:00:34]} Ba7 {[%clk 01:28:02]} {[%emt 00:04:15]} 8. a4 {[%clk
01:32:51]} {[%emt 00:00:10]} h6 {[%clk 01:24:27]} {[%emt 00:04:04]} 9. Nbd2
{[%clk 01:33:10]} {[%emt 00:00:10]} O-O {[%clk 01:23:11]} {[%emt 00:01:46]} 10.
h3 {[%clk 01:33:29]} {[%emt 00:00:10]} Re8 {[%clk 01:23:14]} {[%emt 00:00:29]}
11. b4 {[%clk 01:32:09]} {[%emt 00:01:50]} Be6 {[%clk 01:16:23]} {[%emt
00:07:20]} 12. Bxe6 {[%clk 01:31:18]} {[%emt 00:01:21]} Rxe6 {[%clk 01:14:16]}
{[%emt 00:02:37]} 13. Bb2 {[%clk 01:30:07]} {[%emt 00:01:41]} Nh5 {[%clk
01:07:48]} {[%emt 00:06:59]} 14. Nf1 {[%clk 01:02:15]} {[%emt 00:28:21]} Rg6
{[%clk 01:05:33]} {[%emt 00:02:45]} 15. Bc1 {[%clk 01:00:30]} {[%emt 00:02:15]}
Qf6 {[%clk 00:54:02]} {[%emt 00:12:01]} 16. Be3 {[%clk 00:57:26]} {[%emt
00:03:34]} Nf4 {[%clk 00:52:10]} {[%emt 00:02:22]} 17. Ng3 {[%clk 00:55:35]}
{[%emt 00:02:21]} Bxe3 {[%clk 00:49:36]} {[%emt 00:03:04]} 18. Rxe3 {[%clk
00:55:15]} {[%emt 00:00:51]} h5 {[%clk 00:41:38]} {[%emt 00:08:28]} 19. h4
{[%clk 00:53:41]} {[%emt 00:02:04]} Rg4 {[%clk 00:41:33]} {[%emt 00:00:35]} 20.
Nh2 {[%clk 00:44:45]} {[%emt 00:09:26]} Rg6 {[%clk 00:41:15]} {[%emt 00:00:49]}
21. Nf3 {[%clk 00:44:55]} {[%emt 00:00:19]} Rg4 {[%clk 00:33:36]} {[%emt
00:08:10]} 22. Nh2 {[%clk 00:44:55]} {[%emt 00:00:30]} Rg6 {[%clk 00:33:13]}
{[%emt 00:00:53]} 1/2-1/2